1369 1088 1511 1690 1920 1401 1840 1120 1002 1944 1457 1922 1738 1117 1755 1285 1539 1058 1216 1069 1096 1021 1675 1520 1080 1703 1775 1376 1860 1323 1865 1737 1981 1452 1545 1333 1992 1578 1496 1344 1562 1114 1671 1850 1985 1144 1780 1251 1678 1958 1225 1865 1645 1884 1540 1718 1273 1438 1323 1474 1460 1157 1500 1000 1112 1400 1249 1554 1707 1035 1664 1349 1585 1882 1075 1216 1975 1776 1782 1654 1734 1231 1319 1878 1222 1273 1665 1824 1409 1158 1061 1019 1747 1512 1571 1422 1219 1288 1438 BCNSPRNW ULIB Ver.6.0+V

เปลี่ยนเป็นภาษาไทย

Change to English
 แสดงรายละเอียดบรรณานุกรม
  กลับหน้าหลัก

Brief Record : Get Marc (ISO 2709) : E-mail record : QR code < ปิดหน้าต่าง
LEADER : 00000nam 2200000uu 4500
001    13399125810
003     ULIB
008    170915s2560||||th 000 0 tha d
020    ^a9786169129837
060    ^aWY152 ว837พ
100    ^aวีรศักดิ์ เมืองไพศาล
245    ^aพฤฒาวิทยาและเวชศาสตร์ผู้สูงอายุสำหรับการดูแลผู้ป่วยสูงอายุขั้นต้น
250    ^aพิมพ์ครั้งที่ 1
260    ^aกรุงเทพฯ :^bสมาคมพฤฒาวิทยาและเวชศาสตร์ผู้สูงอายุไทย,^c2560
300    ^a444 หน้า^bภาพประกอบ, ตาราง
650    ^aผู้สูงอายุ^xการดูแล
650    ^aสุขภาพ
945    ^p400^l0^i25533
945    ^p400^l0^i25534
945    ^p400^l0^i25795
945    ^p400^l0^i25796
999    ^aกัณชพร จุลอักษร
รายการนี้ยังไม่มีแท็ก
คุณยังไม่ได้ล็อกอิน คุณสามารถมีกิจกรรมร่วมกับเว็บไซต์ได้ แต่ต้องล็อกอินก่อน ::
  ล็อกอิน

รายการสื่อสารสนเทศ

ลำดับที่ ประเภท เลขเรียก/บาร์โค้ด สถานที่ สถานะ
1. วิทยาศาสตร์การแพทย์ และสุขภาพ
หนังสือสำรอง
สถานะ=หนังสือสำรอง
WY152 ว837พ ฉ.1 
  Barcode: 25533
ห้องสมุดวิทยาเขตนครสวรรค์
►หนังสือทั่วไป:l:General Books
บนชั้น
2. วิทยาศาสตร์การแพทย์ และสุขภาพ
วิทยาศาสตร์การแพทย์ และสุขภาพ
WY152 ว837พ ฉ.2 
  Barcode: 25534
ห้องสมุดวิทยาเขตนครสวรรค์
►หนังสือทั่วไป:l:General Books
บนชั้น
3. วิทยาศาสตร์การแพทย์ และสุขภาพ
วิทยาศาสตร์การแพทย์ และสุขภาพ
WY152 ว837พ ฉ.3 
  Barcode: 25795
ห้องสมุดวิทยาเขตสวรรค์ประชารักษ์
►หนังสือทั่วไป
บนชั้น
4. วิทยาศาสตร์การแพทย์ และสุขภาพ
วิทยาศาสตร์การแพทย์ และสุขภาพ
WY152 ว837พ ฉ.4 
  Barcode: 25796
ห้องสมุดวิทยาเขตสวรรค์ประชารักษ์
►หนังสือทั่วไป
บนชั้น

รายการใกล้เคียง
    ชื่อเรื่อง [พฤฒาวิทยาและเวชศาสตร์ผู้สูงอายุสำหรับการดูแลผู้ป่วยสูงอายุขั้นต้น]

    ผู้แต่ง [วีรศักดิ์ เมืองไพศาล]

    หัวเรื่อง [ผู้สูงอายุ การดูแล]
    หัวเรื่อง [สุขภาพ]

BibComment


ยังไม่เคยถูกคอมเมนท์

คอมเมนท์ทรัพยากรรายการนี้
  คอมเมนท์: พฤฒาวิทยาและเวชศ..


 Copyright 2026. Bcnsprnw @Library